000 00359 a2200169 4500
001 185243
020 _a85-08-04031-8
040 _cMagnum
100 _aOrthof, Sylvia
240 1 0 _aFada cisco quase nada
_lpor
245 1 0 _aFada cisco quase nada
300 _a24
362 0 _a2004
440 1 _aÁtica
697 _aLITERATURA INFANTIL
942 _cBK
999 _c185243
_d185243